000 00737nam a2200217 i 4500
001 142497
003 ES-MaACL
005 20250829120102.0
007 t|
008 071005s1931 sp ||||1| spa d
100 1 _aVillalonga, Augusto.
_9114972
245 1 3 _aEl problema social en las democracias /
_cpor Augusto Villalonga.
260 _aValencia :
_b[Cuadernos de Cultura],
_c1931 (
_fTip. P. Quiles)
300 _a61 p. ;
_c17 cm.
490 1 _aCuadernos de cultura ;
_v30. Derecho ;
_v1
650 4 _aDemocracia-
_xAspectos sociales.
_9172946
650 7 _aProblemas sociales
_2embne
_916415
830 1 _aCuadernos de cultura
_v30. Derecho ;
_v1
_9181245
852 _aES-MaACL
_j1923-F-7
999 _c142497
_d142497